000 00652nam a22002057a 4500
999 _c12784
_d12784
003 AR-CdUCM
008 190410b ||||| |||| 00| 0 spa d
040 _aMUNICIPALIDAD PROVINCIAL DEL CUSCO
_cBIBLIOTECA MUNICIPAL DEL CUSCO
082 _23 ed.
_a869.2 /
_bF36
100 _aFenimore Cooper, J.
_9961
245 _aEl ultimo mohicano /
260 _aBuenos Aires :
_bBruguera,
_c1963.
300 _a255 páginas ;
_c19 cm.
505 _aContenido : Prologo -- Capítulos -- I -- II -- III - IV -- V ...
650 _aLiteratura
_983
650 _aNarrativa
_967
650 _aUniversal
_918236
942 _2ddc
_cLIBROS
945 _arah
_d10/04/2019